Подробности мелких чувств: Роман, повести, рассказы

Podrobná bibliografie
Hlavní autor: Щербакова Г. Н. Галина Николаевна
Jazyk:ruština
Vydáno: Москва, Вагриус, 2000
Témata:
Médium: MixedMaterials Kniha
KOHA link:https://koha.lib.tpu.ru/cgi-bin/koha/opac-detail.pl?biblionumber=42054

MARC

LEADER 00000nam0a2200000 4500
001 42054
005 20231031015039.0
010 |a 5264002371 
035 |a (RuTPU)RU\TPU\book\43234 
090 |a 42054 
100 |a 20020729d2000 m y0rusy50 ca 
101 0 |a rus 
102 |a RU 
105 |a y z 000ay 
200 1 |a Подробности мелких чувств  |e Роман, повести, рассказы  |f Г. Н. Щербакова 
210 |a Москва  |c Вагриус  |d 2000 
215 |a 412 с. 
610 1 |a романы 
610 1 |a повести 
610 1 |a рассказы 
675 |a Р2  |v 3 
700 1 |a Щербакова  |b Г. Н.  |c русская писательница  |f 1932-2010  |g Галина Николаевна  |2 stltpush  |3 (RuTPU)RU\TPU\pers\47179  |4 070 
801 1 |a RU  |b 63413507  |c 20020729  |g PSBO 
801 2 |a RU  |b 63413507  |c 20221201  |g PSBO 
942 |c BK